Movies Quiz

Random Movies or Disney Quiz
Score 0/20 Timer 05:00
3 Plays Today
Unmissing Word Disney Animated Film % Correct
PanPeter ___
99.4%
Robin___ Hood
96.6%
BeastBeauty and the ___
93.8%
Alice___ in Wonderland
93.8%
TrampLady and the ___
93.3%
StitchLilo & ___
92.1%
FrogThe Princess and the ___
82.9%
StoneThe Sword in the ___
79.4%
HundredOne ___ and One Dalmatians
67.7%
DameThe Hunchback of Notre ___
64.1%
Unmissing Word Disney Animated Film % Correct
Treasure___ Planet
61.5%
BlackThe ___ Cauldron
60.8%
WhiteSnow ___ and the Seven Dwarfs
59.2%
CaballerosThe Three ___
58.3%
MouseThe Great ___ Detective
55.9%
2000Fantasia ___
54.4%
UnderThe Rescuers Down ___
41.2%
NewThe Emperor's ___ Groove
37.5%
IchabodThe Adventures of ___ and Mr. Toad
22.1%
ManyThe ___ Adventures of Winnie the Pooh
19.5%
Remove Ads.
Support Sporcle.
Get the best of Sporcle when you Go Orange. This ad-free experience offers more features, more stats, and more fun while also helping to support Sporcle. Thank you for becoming a member.

You're not logged in!

Compare scores with friends on all Sporcle quizzes.
OR
Log In

Show Comments

Extras

Top Quizzes Today


Score Distribution

Your Account Isn't Verified!

In order to create a playlist on Sporcle, you need to verify the email address you used during registration. Go to your Sporcle Settings to finish the process.

Report this User

Report this user for behavior that violates our Community Guidelines.

Details: